[Event "British Chess Championships 2023: PM Tournament U1750"]
[Site "The Venue, De Montfort University, 20 Western Boulevard, Leicester, LE2 7BU"]
[Date "2023.07.27"]
[Round "4"]
[Board "13"]
[White "Cuthbert, Larissa"]
[Black "Singhal, Saket"]
[Result "0-1"]
[WhiteElo "1542"]
[BlackElo "1617"]
[PlyCount "116"]
[EventDate "2023.07.24"]
[EventRounds "6"]
[EventCountry "ENG"]

1. d4 c6 2. c4 d5 3. Nc3 Bf5 4. Bf4 e6 5. cxd5 exd5 6. e3 Nf6 7. Qf3 Nbd7 8. Be2
Bb4 9. Qg3 Qa5 10. Rc1 Qxa2 11. Bd6 Qxb2 12. Bxb4 Qxc1+ 13. Nd1 a5 14. Bd6 Bc2 15.
Nf3 Bxd1 16. Bxd1 Qc3+ 17. Kf1 Qd3+ 18. Ke1 Qg6 19. Qf4 Qg4 20. Qxg4 Nxg4 21. Nd2
Nh6 22. Ke2 Nf5 23. Bc5 b6 24. Ba3 a4 25. Bc2 g6 26. Rc1 Nb8 27. Kd3 Kd7 28. e4 dxe4+
29. Nxe4 Ng7 30. Re1 Ne6 31. g3 h5 32. Nf6+ Kc7 33. Kc3 Rd8 34. d5 cxd5 35. Be7 d4+
36. Kd2 a3 37. Be4 Ra5 38. Bxd8+ Kxd8 39. Bd5 Na6 40. Bb3 a2 41. Ra1 Nb4 42. Ne4
Ke7 43. Kc1 f5 44. Nd2 Nc5 45. f4 Ncd3+ 46. Kd1 b5 47. Ke2 Kf6 48. Kd1 Nf2+ 49. Ke2
Ng4 50. Nf3 d3+ 51. Kd2 Nf2 52. Kc3 Nc2 53. Bxc2 dxc2 54. Kxc2 b4 55. Ne5 Ra3 56.
Kd2 Ne4+ 57. Kc2 Nc5 58. Kd2 Nb3+  0-1

[Event "British Chess Championships 2023: PM Tournament U1750"]
[Site "The Venue, De Montfort University, 20 Western Boulevard, Leicester, LE2 7BU"]
[Date "2023.07.27"]
[Round "4"]
[Board "14"]
[White "O Hanlon, Joseph"]
[Black "Yi, Louis"]
[Result "0-1"]
[WhiteElo "1597"]
[BlackElo "1443"]
[PlyCount "62"]
[EventDate "2023.07.24"]
[EventRounds "6"]
[EventCountry "ENG"]

1. d4 d5 2. Nf3 Nf6 3. Bf4 e6 4. e3 c5 5. c3 Nc6 6. Nbd2 c4 7. Be2 Be7 8. O-O O-O
9. b3 b5 10. a4 bxa4 11. bxa4 Bd6 12. Ne5 Qc7 13. Ndf3 Nh5 14. Nxc6 Nxf4 15. Nb4
Nxe2+ 16. Qxe2 Bxb4 17. cxb4 Bb7 18. Qc2 f6 19. Qc3 Rfe8 20. Rfd1 e5 21. dxe5 fxe5
22. Rd2 Rad8 23. Rad1 Re6 24. h3 d4 25. exd4 Bxf3 26. Qxf3 exd4 27. g3 Red6 28. Qe4
d3 29. Rc1 c3 30. Rxd3 c2 31. Rd2 Qc3  0-1

[Event "British Chess Championships 2023: PM Tournament U1750"]
[Site "The Venue, De Montfort University, 20 Western Boulevard, Leicester, LE2 7BU"]
[Date "2023.07.27"]
[Round "4"]
[Board "15"]
[White "Flint, James"]
[Black "Nargund, Sujan"]
[Result "1-0"]
[WhiteElo "1534"]
[BlackElo "1564"]
[PlyCount "73"]
[EventDate "2023.07.24"]
[EventRounds "6"]
[EventCountry "ENG"]

1. e4 c5 2. c4 Nc6 3. Nc3 g6 4. g3 Bg7 5. Bg2 d6 6. Nge2 Nf6 7. d3 O-O 8. O-O Be6
9. h3 Qd7 10. Kh2 Qc8 11. Be3 Nd7 12. Qd2 Rd8 13. Rae1 Nb6 14. f4 f5 15. b3 a5 16.
Nd5 Ra6 17. Nec3 Bxd5 18. Nxd5 e6 19. Nc3 a4 20. bxa4 Nxa4 21. Nxa4 Rxa4 22. g4 Nb4
23. exf5 Rxa2 24. Qd1 exf5 25. Bd2 Nc6 26. Re6 Ra1 27. Bd5 Kh8 28. Bc1 Nd4 29. Re7
Ra2+ 30. Kh1 Ra7 31. Rfe1 Bf6 32. g5 Bxe7 33. Rxe7 Re8 34. Qe1 Ra8 35. Rxh7+ Kxh7
36. Qh4+ Kg7 37. Qh6#  1-0

[Event "British Chess Championships 2023: PM Tournament U1750"]
[Site "The Venue, De Montfort University, 20 Western Boulevard, Leicester, LE2 7BU"]
[Date "2023.07.27"]
[Round "4"]
[Board "16"]
[White "Jestico, John V"]
[Black "Joseph, Tomy"]
[Result "0-1"]
[WhiteElo "1466"]
[BlackElo "1549"]
[PlyCount "98"]
[EventDate "2023.07.24"]
[EventRounds "6"]
[EventCountry "ENG"]

1. c4 e6 2. Nc3 d5 3. e3 d4 4. exd4 Qxd4 5. Nf3 Qd8 6. d4 Nf6 7. Bd3 Be7 8. O-O O-O
9. a3 b6 10. Be3 Bb7 11. Ng5 h6 12. Nge4 Nbd7 13. Qc2 Ng4 14. Rfe1 Nxe3 15. Rxe3
Nf6 16. Ne2 Rc8 17. b4 c6 18. c5 b5 19. Rd1 Qc7 20. N2g3 Nd5 21. Ree1 Rcd8 22. Ne2
a5 23. N4c3 Nf6 24. Ng3 axb4 25. axb4 Kh8 26. Nce2 Nd5 27. Qb2 Rd7 28. Be4 Nf4 29.
Bf3 Rfd8 30. Nxf4 Qxf4 31. Re4 Qc7 32. Ne2 Bf6 33. Qd2 Ba8 34. Bg4 Bg5 35. f4 Be7
36. f5 Bg5 37. Qc3 exf5 38. Bxf5 Rd5 39. Bh3 Bb7 40. g3 f5 41. Bxf5 Rxf5 42. h4 Bf6
43. Nf4 Bc8 44. Qe3 Qf7 45. Kh2 Kh7 46. h5 Rxf4 47. gxf4 Qxh5+ 48. Kg2 Qxd1 49. Kg3
Bxd4  0-1

[Event "British Chess Championships 2023: PM Tournament U1750"]
[Site "The Venue, De Montfort University, 20 Western Boulevard, Leicester, LE2 7BU"]
[Date "2023.07.28"]
[Round "5"]
[Board "1"]
[White "Hayes, Solomon"]
[Black "Veeturi, Yashvardhan"]
[Result "1/2-1/2"]
[WhiteElo "1613"]
[BlackElo "1628"]
[PlyCount "76"]
[EventDate "2023.07.24"]
[EventRounds "6"]
[EventCountry "ENG"]

1. e4 c6 2. d4 d5 3. e5 Bf5 4. h4 h5 5. Bd3 Bxd3 6. Qxd3 e6 7. Nf3 c5 8. c3 Nc6 9.
O-O Nh6 10. g3 Nf5 11. Be3 cxd4 12. cxd4 Be7 13. a3 O-O 14. Nbd2 Qb6 15. Rfc1 Rfc8
16. Rc2 Rc7 17. Rac1 Rac8 18. Nb3 Nxe3 19. Qxe3 Nxe5 20. Rxc7 Nxf3+ 21. Qxf3 Rxc7
22. Rxc7 Qxc7 23. Qxh5 Qc2 24. Qf3 Qxb2 25. Nc5 Bxc5 26. dxc5 Qc1+ 27. Kg2 Qxc5 28.
g4 d4 29. Qxb7 Qd5+ 30. Qxd5 exd5 31. Kf3 Kf8 32. Ke2 Ke7 33. Kd3 Ke6 34. Kxd4 f5
35. f3 a6 36. a4 a5 37. h5 fxg4 38. fxg4 Kf6  1/2-1/2

[Event "British Chess Championships 2023: PM Tournament U1750"]
[Site "The Venue, De Montfort University, 20 Western Boulevard, Leicester, LE2 7BU"]
[Date "2023.07.28"]
[Round "5"]
[Board "2"]
[White "Belur, Ankita"]
[Black "Li, Xiaofan"]
[Result "1/2-1/2"]
[WhiteElo "1479"]
[BlackElo "1673"]
[PlyCount "101"]
[EventDate "2023.07.24"]
[EventRounds "6"]
[EventCountry "ENG"]

1. c4 g6 2. Nc3 Bg7 3. g3 d6 4. Bg2 c5 5. Rb1 Nc6 6. Nf3 Nf6 7. O-O O-O 8. b3 Bd7
9. Bb2 Rb8 10. d3 a6 11. a4 Qc8 12. Ng5 h6 13. Nge4 Bh3 14. Nxf6+ Bxf6 15. Nd5 Bxb2
16. Rxb2 Bxg2 17. Kxg2 e6 18. Nc3 b5 19. axb5 axb5 20. Nxb5 d5 21. cxd5 Rxb5 22.
dxc6 Qxc6+ 23. Kg1 Rfb8 24. Qc2 Qd5 25. Rc1 Kf8 26. Qc4 Ke7 27. Qh4+ g5 28. Qc4 Kd6
29. Rbc2 R8b7 30. Qxd5+ Kxd5 31. Kg2 e5 32. Kf3 Rc7 33. e4+ Kd6 34. Rc3 Ke6 35. Ke3
f5 36. f4 fxe4 37. dxe4 exf4+ 38. gxf4 gxf4+ 39. Kxf4 Rf7+ 40. Ke3 Kd6 41. h4 Re7
42. Rd1+ Kc6 43. Rd5 Rf7 44. b4 Rxb4 45. Rdxc5+ Kb7 46. Rc6 Rb1 47. Kd4 Re7 48. R6c5
Rd1+ 49. Rd3 Re1 50. Re3 Rd1+ 51. Rd3  1/2-1/2

[Event "British Chess Championships 2023: PM Tournament U1750"]
[Site "The Venue, De Montfort University, 20 Western Boulevard, Leicester, LE2 7BU"]
[Date "2023.07.28"]
[Round "5"]
[Board "3"]
[White "Horlock, Peter J"]
[Black "Smithson, Sean"]
[Result "1-0"]
[WhiteElo "1628"]
[BlackElo "1301"]
[PlyCount "69"]
[EventDate "2023.07.24"]
[EventRounds "6"]
[EventCountry "ENG"]

1. e4 d6 2. d4 Nf6 3. Nc3 g6 4. Nf3 Bg7 5. h3 O-O 6. Be3 a6 7. a4 Nbd7 8. Bc4 e5
9. dxe5 Nxe5 10. Nxe5 dxe5 11. O-O c6 12. Qe2 Qe7 13. Rad1 Be6 14. Bxe6 Qxe6 15.
Bc1 b5 16. axb5 axb5 17. b3 b4 18. Na4 Nd7 19. Rd3 Rxa4 20. bxa4 Nc5 21. Rd2 Nxa4
22. Qe3 c5 23. Rd5 Qc6 24. Bd2 Rb8 25. Ra1 c4 26. Qa7 Ra8 27. Qe7 Qf6 28. Qxb4 c3
29. Bxc3 Qf4 30. Bd2 Bf8 31. Qxf8+ Kxf8 32. Bxf4 exf4 33. Rd4 Nb6 34. Rxa8+ Nxa8
35. Rd8+  1-0

[Event "British Chess Championships 2023: PM Tournament U1750"]
[Site "The Venue, De Montfort University, 20 Western Boulevard, Leicester, LE2 7BU"]
[Date "2023.07.28"]
[Round "5"]
[Board "4"]
[White "Mehrgan, Mehrsam"]
[Black "Mccormick, Graeme S"]
[Result "0-1"]
[WhiteElo "1118"]
[BlackElo "1523"]
[PlyCount "56"]
[EventDate "2023.07.24"]
[EventRounds "6"]
[EventCountry "ENG"]

1. Nf3 Nf6 2. d4 g6 3. c4 Bg7 4. Nc3 d6 5. e4 O-O 6. Bd3 Nc6 7. d5 Nb8 8. O-O Bg4
9. h3 Bxf3 10. Qxf3 Nbd7 11. Bf4 Nh5 12. Bh2 Ne5 13. Bxe5 Bxe5 14. g4 Nf4 15. Ne2
Nxd3 16. Qxd3 e6 17. Rab1 exd5 18. cxd5 Kh8 19. f4 Bg7 20. f5 Qg5 21. b3 Rae8 22.
Nc3 h5 23. Qf3 hxg4 24. hxg4 gxf5 25. exf5 Re3 26. Qh1+ Kg8 27. Ne4 Qxg4+ 28. Kf2
Re2#  0-1

[Event "British Chess Championships 2023: PM Tournament U1750"]
[Site "The Venue, De Montfort University, 20 Western Boulevard, Leicester, LE2 7BU"]
[Date "2023.07.28"]
[Round "5"]
[Board "5"]
[White "Tomy, Jake"]
[Black "Foreman, Brian A"]
[Result "1-0"]
[WhiteElo "1540"]
[BlackElo "1744"]
[PlyCount "76"]
[EventDate "2023.07.24"]
[EventRounds "6"]
[EventCountry "ENG"]

1. e4 c6 2. d4 d5 3. exd5 cxd5 4. c4 Nf6 5. Nc3 g6 6. Nf3 Bg7 7. Be2 O-O 8. c5 Nc6
9. O-O Ne4 10. Be3 Nxc3 11. bxc3 e5 12. Qb3 e4 13. Nd2 f5 14. f4 Kh8 15. Rfd1 Rb8
16. Rf1 Be6 17. Rab1 Qc7 18. Qa4 a6 19. Rb6 Bd7 20. Qb3 Bf6 21. Qxd5 Qc8 22. Qc4
Na5 23. Qb4 Nc6 24. Qb1 Bd8 25. Rb2 Ba5 26. Qc2 Be6 27. c4 Nd8 28. d5 Bd7 29. Rfb1
Ra8 30. Nb3 Ba4 31. Qd1 Bxb3 32. Qd4+ Kg8 33. Rxb3 Rf7 34. Ra3 Bc7 35. d6 Bb8 36.
Qd5 Nc6 37. Qd2 Kf8 38. Qb2 Nd8  1-0

[Event "British Chess Championships 2023: PM Tournament U1750"]
[Site "The Venue, De Montfort University, 20 Western Boulevard, Leicester, LE2 7BU"]
[Date "2023.07.28"]
[Round "5"]
[Board "6"]
[White "Sugden, Freddie"]
[Black "Homer, Neil S"]
[Result "1/2-1/2"]
[WhiteElo "1700"]
[BlackElo "1648"]
[PlyCount "85"]
[EventDate "2023.07.24"]
[EventRounds "6"]
[EventCountry "ENG"]

1. e4 c6 2. d4 d5 3. exd5 cxd5 4. c4 Nf6 5. Nc3 Nc6 6. c5 e5 7. dxe5 Ng4 8. Qxd5
Be6 9. Qxd8+ Rxd8 10. Bg5 Rd7 11. Ne4 Ngxe5 12. Bb5 f5 13. Nd6+ Bxd6 14. cxd6 Rxd6
15. Ne2 a6 16. Bxc6+ Nxc6 17. O-O h6 18. Be3 Kf7 19. Nf4 Rhd8 20. Bc5 Rd2 21. Rfe1
Bc8 22. b4 g5 23. Ne2 Re8 24. Nc3 Rxe1+ 25. Rxe1 Be6 26. a3 Rc2 27. Ne2 Bc4 28. Nd4
Nxd4 29. Bxd4 Rd2 30. Bc5 Be2 31. Ra1 Rd1+ 32. Rxd1 Bxd1 33. g3 g4 34. Be3 h5 35.
Kf1 Ke6 36. Ke1 Bf3 37. Kd2 Kd5 38. Kc3 b5 39. Bf4 Ke4 40. Be3 Be2 41. Bc5 f4 42.
Bb6 fxg3 43. hxg3  1/2-1/2

[Event "British Chess Championships 2023: PM Tournament U1750"]
[Site "The Venue, De Montfort University, 20 Western Boulevard, Leicester, LE2 7BU"]
[Date "2023.07.28"]
[Round "5"]
[Board "7"]
[White "Scott, Jane"]
[Black "Morris, Simon"]
[Result "0-1"]
[WhiteElo "1477"]
[BlackElo "1604"]
[PlyCount "68"]
[EventDate "2023.07.24"]
[EventRounds "6"]
[EventCountry "ENG"]

1. e4 e5 2. Nf3 Nc6 3. d4 exd4 4. Bc4 Nf6 5. e5 d5 6. Bb5 Ne4 7. Nxd4 Bc5 8. Nxc6
Bxf2+ 9. Kf1 bxc6 10. Bxc6+ Kf8 11. Qd3 Rb8 12. Bxd5 Bb6 13. Bxe4 Ba6 14. Ke2 Bxd3+
15. cxd3 Bd4 16. Nc3 Bxe5 17. Rb1 Bxc3 18. bxc3 Rxb1 19. Ba3+ Kg8 20. Rxb1 g6 21.
c4 Kg7 22. Rb7 Qd7 23. Rxa7 Re8 24. Bb2+ Kg8 25. Kd2 Rxe4 26. a4 Re8 27. a5 Qc6 28.
Bc3 Ra8 29. Rxa8+ Qxa8 30. Ke3 Qxg2 31. Kd4 Qc6 32. Bd2 f5 33. h4 Kg7 34. Bc3 f4
 0-1

[Event "British Chess Championships 2023: PM Tournament U1750"]
[Site "The Venue, De Montfort University, 20 Western Boulevard, Leicester, LE2 7BU"]
[Date "2023.07.28"]
[Round "5"]
[Board "8"]
[White "Crompton, Robert"]
[Black "Pride, Stephen C"]
[Result "0-1"]
[WhiteElo "1662"]
[BlackElo "1584"]
[PlyCount "100"]
[EventDate "2023.07.24"]
[EventRounds "6"]
[EventCountry "ENG"]

1. e4 Nf6 2. e5 Nd5 3. d4 d6 4. Nf3 c6 5. h3 dxe5 6. dxe5 Bf5 7. Bd3 Bxd3 8. Qxd3
e6 9. O-O Be7 10. Bd2 O-O 11. c4 Nb6 12. Qc2 N8d7 13. Rd1 Qc7 14. Ba5 Nxe5 15. c5
Nxf3+ 16. gxf3 Qe5 17. Bb4 Nd5 18. Bd2 Qh5 19. Kh2 Qxf3 20. Rg1 Qxf2+ 21. Rg2 Qxc5
22. Nc3 Nxc3 23. Bxc3 g6 24. Qc1 Bd6+ 25. Kh1 Be5 26. Qg5 f5 27. Qh6 Bxc3 28. bxc3
Rf6 29. Rd1 Qf8 30. Qh4 Rd8 31. Rb1 b6 32. Qg5 Rd3 33. h4 Rh3+ 34. Kg1 Qc5+ 35. Rf2
Rf8 36. Kg2 Rxc3 37. Rd1 Rc2 38. Rxc2 Qxc2+ 39. Rd2 Qe4+ 40. Kf1 Qg4 41. Qe7 Qf4+
42. Ke1 Qe5+ 43. Kd1 Qg7 44. Qxe6+ Qf7 45. Qe5 Qf6 46. Qc7 Qa1+ 47. Ke2 Re8+ 48.
Kf3 Qf1+ 49. Rf2 Qh3+ 50. Kf4 Qe3#  0-1

[Event "British Chess Championships 2023: PM Tournament U1750"]
[Site "The Venue, De Montfort University, 20 Western Boulevard, Leicester, LE2 7BU"]
[Date "2023.07.28"]
[Round "5"]
[Board "9"]
[White "Yi, Louis"]
[Black "Zigmond, Andrew"]
[Result "1-0"]
[WhiteElo "1443"]
[BlackElo "1647"]
[PlyCount "71"]
[EventDate "2023.07.24"]
[EventRounds "6"]
[EventCountry "ENG"]

1. e4 c5 2. Nc3 Nc6 3. Bb5 d6 4. Bxc6+ bxc6 5. d3 Nf6 6. f4 g6 7. Nf3 Bg7 8. O-O
O-O 9. Qe1 Qb6 10. Kh1 Ba6 11. f5 c4 12. d4 Ng4 13. h3 Nf6 14. e5 Nd5 15. Nxd5 cxd5
16. e6 c3 17. exf7+ Rxf7 18. Qe6 Bxf1 19. fxg6 hxg6 20. Ng5 Raf8 21. Qxg6 Bxg2+ 22.
Kxg2 Rf2+ 23. Kg3 R8f3+ 24. Nxf3 Rxf3+ 25. Kxf3 Qxd4 26. Be3 Qe5 27. bxc3 Qxc3 28.
Rg1 Qe5 29. Qxg7+ Qxg7 30. Rxg7+ Kxg7 31. Bxa7 Kf6 32. a4 e5 33. a5 Kf5 34. a6 d4
35. Bb6 e4+ 36. Ke2  1-0

[Event "British Chess Championships 2023: PM Tournament U1750"]
[Site "The Venue, De Montfort University, 20 Western Boulevard, Leicester, LE2 7BU"]
[Date "2023.07.28"]
[Round "5"]
[Board "10"]
[White "Horspool, Joseph"]
[Black "Flint, James"]
[Result "0-1"]
[WhiteElo "1621"]
[BlackElo "1534"]
[PlyCount "124"]
[EventDate "2023.07.24"]
[EventRounds "6"]
[EventCountry "ENG"]

1. e4 c5 2. Nc3 g6 3. Bc4 e6 4. d3 Bg7 5. f4 Nc6 6. a3 Nge7 7. Nf3 d5 8. Ba2 dxe4
9. Nxe4 b6 10. O-O O-O 11. Kh1 Bb7 12. c3 Qc7 13. Qe2 Rad8 14. Bd2 Ba6 15. Ne1 Nf5
16. Rd1 Rd7 17. Bc1 Rfd8 18. Ng5 Kh8 19. Rf3 h5 20. Rh3 Nh6 21. Qf3 Bb7 22. Qe2 Ne7
23. Nxe6 fxe6 24. Qxe6 Qc6 25. Qe2 Nef5 26. Nf3 Re7 27. Qc2 Rde8 28. Bd2 Re2 29.
Qb3 Ng4 30. Re1 Rxe1+ 31. Bxe1 Rxe1+ 32. Nxe1 Nf2+ 33. Kg1 Nxh3+ 34. Kf1 Qd5 35.
gxh3 Qxb3 36. Bxb3 Bh6 37. Nc2 Bxf4 38. d4 Ne3+ 39. Nxe3 Bxe3 40. d5 Bf4 41. Ke2
Kg7 42. c4 Kf6 43. Kf3 Bxh2 44. Ke4 g5 45. Bd1 h4 46. Bg4 a5 47. a4 Bf4 48. b3 Ke7
49. Be6 Kd8 50. Bg4 Bc8 51. Bxc8 Kxc8 52. Kf3 Kd7 53. Ke4 Ke7 54. Kf5 Kf7 55. d6
Bxd6 56. Kxg5 Bg3 57. Kf5 Ke7 58. Ke4 Ke6 59. Kf3 Kf5 60. Ke3 Ke5 61. Kd3 Kf4 62.
Ke2 Ke4  0-1

[Event "British Chess Championships 2023: PM Tournament U1750"]
[Site "The Venue, De Montfort University, 20 Western Boulevard, Leicester, LE2 7BU"]
[Date "2023.07.28"]
[Round "5"]
[Board "11"]
[White "Singhal, Saket"]
[Black "Weersing, Nathan"]
[Result "1-0"]
[WhiteElo "1617"]
[BlackElo "1526"]
[PlyCount "121"]
[EventDate "2023.07.24"]
[EventRounds "6"]
[EventCountry "ENG"]

1. e4 e6 2. d4 d5 3. e5 c5 4. c3 Nc6 5. Nf3 Qb6 6. a3 cxd4 7. cxd4 Bd7 8. b3 Nge7
9. Be2 Nf5 10. Be3 Nxe3 11. fxe3 Qa5+ 12. Kf2 g6 13. Rf1 Bh6 14. h4 Qd8 15. g4 O-O
16. g5 Bg7 17. Rh1 h6 18. Nc3 a6 19. e4 Ne7 20. Qd2 h5 21. Qd1 Bc6 22. Bd3 dxe4 23.
Bxe4 Qd7 24. Bxc6 Nxc6 25. Ne2 Rad8 26. Ke3 Qc7 27. Qc2 Qb6 28. Ke4 Rc8 29. Qd3 Rfd8
30. Rac1 Rd7 31. Rc5 Rcd8 32. b4 Rd5 33. Nc3 Rxc5 34. bxc5 Qc7 35. Qc4 Ne7 36. Rb1
Qc6+ 37. Kf4 b5 38. Qd3 Qxc5 39. Ne4 Nd5+ 40. Kg3 Qc7 41. Qd2 Rc8 42. Nd6 Nc3 43.
Rf1 Qxd6 44. exd6 Ne4+ 45. Kf4 Nxd2 46. Nxd2 Bxd4 47. Ne4 e5+ 48. Kg3 Rd8 49. Rc1
Bb2 50. Rc6 Bxa3 51. Rxa6 Bb4 52. Rb6 Be1+ 53. Kh3 b4 54. Nf6+ Kg7 55. Rb5 Bc3 56.
Rc5 Bd4 57. Rb5 Bc3 58. Rc5 Kh8 59. d7 Kg7 60. Rc8 Rxd7 61. Rg8#  1-0

[Event "British Chess Championships 2023: PM Tournament U1750"]
[Site "The Venue, De Montfort University, 20 Western Boulevard, Leicester, LE2 7BU"]
[Date "2023.07.28"]
[Round "5"]
[Board "12"]
[White "Daly, Grant"]
[Black "Yu, William"]
[Result "1-0"]
[WhiteElo "1596"]
[BlackElo "1372"]
[PlyCount "149"]
[EventDate "2023.07.24"]
[EventRounds "6"]
[EventCountry "ENG"]

1. d4 e6 2. c4 Nf6 3. Nc3 Bb4 4. e3 Ne4 5. Bd2 Nxd2 6. Qxd2 Qe7 7. a3 Bxc3 8. Qxc3
b6 9. Nf3 Bb7 10. Be2 d5 11. Rc1 dxc4 12. Qxc4 c6 13. Qc2 Nd7 14. O-O O-O 15. Bd3
g6 16. Rfe1 c5 17. Be4 Nf6 18. Bxb7 Qxb7 19. dxc5 bxc5 20. Red1 Rfd8 21. Nd2 Rab8
22. Nc4 Rxd1+ 23. Rxd1 Qb3 24. Qxb3 Rxb3 25. Rd8+ Kg7 26. Rc8 Rd3 27. Kf1 Ne4 28.
Ke2 Rd5 29. f3 Nd6 30. Nxd6 Rxd6 31. Rxc5 Rb6 32. b4 Kf6 33. e4 Ra6 34. Rc3 h6 35.
h4 g5 36. hxg5+ hxg5 37. g4 Ke5 38. Ke3 Ra4 39. Rc5+ Kf6 40. e5+ Ke7 41. Rc3 Ra6
42. Kd4 Kd7 43. b5 Ra4+ 44. Kc5 Rf4 45. b6 axb6+ 46. Kxb6 Rd4 47. Re3 Ra4 48. Kb5
Ra8 49. a4 Rb8+ 50. Kc4 Rc8+ 51. Kb3 Ra8 52. Re4 Kc6 53. Kc3 Kd5 54. Kb3 Rb8+ 55.
Rb4 Ra8 56. Rb7 Kxe5 57. Rxf7 Ra6 58. Kb4 Rb6+ 59. Kc5 Rb3 60. a5 Ra3 61. Kb4 Ra1
62. Rc7 Kf4 63. Rc3 e5 64. Ra3 Rxa3 65. Kxa3 Kxf3 66. a6 e4 67. a7 e3 68. a8=Q+ Kf2
69. Qf8+ Ke1 70. Qb4+ Kf2 71. Qd4 Kf3 72. Qf6+ Kg2 73. Qxg5 e2 74. Qe3 Kf1 75. g5
 1-0

[Event "British Chess Championships 2023: PM Tournament U1750"]
[Site "The Venue, De Montfort University, 20 Western Boulevard, Leicester, LE2 7BU"]
[Date "2023.07.28"]
[Round "5"]
[Board "14"]
[White "Joseph, Tomy"]
[Black "Fraser, Chris A"]
[Result "1-0"]
[WhiteElo "1549"]
[BlackElo "1508"]
[PlyCount "85"]
[EventDate "2023.07.24"]
[EventRounds "6"]
[EventCountry "ENG"]

1. e4 c5 2. Nf3 g6 3. c3 Bg7 4. d4 cxd4 5. cxd4 d5 6. e5 Bg4 7. Nc3 a6 8. h3 Bxf3
9. Qxf3 e6 10. Be3 Nh6 11. g4 Nc6 12. a3 b5 13. b4 Rc8 14. Na2 Rf8 15. Nc1 Qc7 16.
Nd3 Nxe5 17. dxe5 Qc3+ 18. Bd2 Qxa1+ 19. Ke2 Qxa3 20. Qe3 Qb3 21. Qa7 Qc4 22. Qxa6
Qc6 23. Qa3 f6 24. Bg2 Qd7 25. Nc5 Qe7 26. Rc1 Kf7 27. exf6 Qxf6 28. Bc3 Qe7 29.
Kf1 Bxc3 30. Qxc3 Kg8 31. Re1 Qf7 32. Qe3 Rc6 33. Re2 Qf4 34. Qb3 Qc1+ 35. Re1 Qc4+
36. Qxc4 bxc4 37. Nxe6 Rxe6 38. Rxe6 Rd8 39. Rc6 Kf7 40. b5 Ng8 41. b6 Ne7 42. Rc7
Ke6 43. Ra7  1-0

[Event "British Chess Championships 2023: PM Tournament U1750"]
[Site "The Venue, De Montfort University, 20 Western Boulevard, Leicester, LE2 7BU"]
[Date "2023.07.28"]
[Round "5"]
[Board "15"]
[White "Morris, Nigel W"]
[Black "Gilbert, David J"]
[Result "1-0"]
[WhiteElo "1596"]
[BlackElo "1603"]
[PlyCount "129"]
[EventDate "2023.07.24"]
[EventRounds "6"]
[EventCountry "ENG"]

1. d4 Nf6 2. c4 g6 3. Nc3 d5 4. f3 Bg7 5. e4 dxc4 6. Bxc4 c5 7. d5 O-O 8. Qb3 Nbd7
9. Bf4 Nb6 10. Bd3 Nfd7 11. Rd1 Ne5 12. Bb1 c4 13. Qa3 Qc7 14. Nge2 Qd7 15. O-O Rd8
16. Bg3 Qd6 17. Qxd6 Rxd6 18. h3 f6 19. Nb5 Rd8 20. Nc7 Rb8 21. Nd4 Na4 22. Rf2 Nc5
23. Ncb5 a6 24. Na3 b5 25. Bxe5 fxe5 26. Nc6 Bd7 27. Nxd8 Rxd8 28. Bc2 Bh6 29. Re2
Rc8 30. Nb1 Nd3 31. Bxd3 cxd3 32. Ree1 Rc2 33. Rxd3 Rxb2 34. a3 b4 35. axb4 Bb5 36.
Rc3 Bf4 37. Rc8+ Kf7 38. Na3 Bg3 39. Rb1 Rxb1+ 40. Nxb1 Be1 41. Na3 Be2 42. Nc2 Bd2
43. Kf2 Bd1 44. Ne3 Ba4 45. Rb8 Bb5 46. Nc2 Ba4 47. Ke2 Bf4 48. Kd3 Bb5+ 49. Rxb5
axb5 50. Na3 Bg3 51. Nxb5 Bf2 52. Nc3 Ke8 53. b5 Kd7 54. Na4 Kc7 55. Kc4 Be3 56.
Nc5 Kd6 57. Nb3 e6 58. dxe6 Kxe6 59. Kb4 Kd6 60. Ka5 Kc7 61. Ka6 Bf4 62. Na5 Be3
63. Nc4 Bd4 64. b6+ Kb8 65. Na5  1-0

[Event "British Chess Championships 2023: PM Tournament U1750"]
[Site "The Venue, De Montfort University, 20 Western Boulevard, Leicester, LE2 7BU"]
[Date "2023.07.28"]
[Round "5"]
[Board "16"]
[White "Jones, Michael R"]
[Black "O Hanlon, Joseph"]
[Result "0-1"]
[WhiteElo "1556"]
[BlackElo "1597"]
[PlyCount "92"]
[EventDate "2023.07.24"]
[EventRounds "6"]
[EventCountry "ENG"]

1. e4 e6 2. Nf3 d5 3. exd5 exd5 4. d4 Bd6 5. Be3 Ne7 6. Bd3 Bg4 7. h3 Bh5 8. Nbd2
Nd7 9. c3 c6 10. Qc2 h6 11. O-O Qc7 12. Rfe1 O-O 13. Be2 Bg6 14. Qd1 Nf5 15. Nf1
Nxe3 16. Nxe3 Nf6 17. Nf1 Rfe8 18. Ne5 Bxe5 19. dxe5 Rxe5 20. Bf3 Rxe1 21. Qxe1 Re8
22. Qd2 Qe5 23. Ng3 Ne4 24. Nxe4 Bxe4 25. Re1 Qc7 26. Bg4 Re7 27. Qe3 Kf8 28. Qc5
b6 29. Qe3 Bg6 30. Qxe7+ Qxe7 31. Rxe7 Kxe7 32. Bd1 Kd6 33. f4 Kc5 34. g4 Be4 35.
Kf2 f5 36. gxf5 Bxf5 37. h4 d4 38. cxd4+ Kxd4 39. Kg3 Kd3 40. h5 Kd2 41. Bg4 Bb1
42. a3 Kc2 43. Bf5+ Kxb2 44. Bxb1 Kxb1 45. Kg4 c5 46. Kf5 c4  0-1

[Event "British Chess Championships 2023: PM Tournament U1750"]
[Site "The Venue, De Montfort University, 20 Western Boulevard, Leicester, LE2 7BU"]
[Date "2023.07.28"]
[Round "5"]
[Board "17"]
[White "Nargund, Sujan"]
[Black "Cuthbert, Larissa"]
[Result "0-1"]
[WhiteElo "1564"]
[BlackElo "1542"]
[PlyCount "72"]
[EventDate "2023.07.24"]
[EventRounds "6"]
[EventCountry "ENG"]

1. e4 e6 2. d4 d5 3. Nd2 Nf6 4. e5 Nfd7 5. f4 c5 6. c3 Nc6 7. Ndf3 cxd4 8. cxd4 Qb6
9. Ne2 f6 10. exf6 Nxf6 11. g3 Ne4 12. Bh3 Bd6 13. O-O e5 14. Bxc8 Rxc8 15. fxe5
Bxe5 16. Kg2 Bf6 17. b3 Nb4 18. Kh1 Qa6 19. a3 O-O 20. Bf4 Nd3 21. Kg2 Nb2 22. Qe1
Rc2 23. Nd2 Re8 24. Rc1 Nxd2 25. Rxc2 Rxe2+ 26. Rf2 Rxe1 27. Bxd2 Re8 28. Rxb2 Bxd4
29. Bb4 Bxb2 30. Rxb2 Re2+ 31. Rxe2 Qxe2+ 32. Kh3 d4 33. a4 d3 34. a5 a6 35. g4 g5
36. Bc3 Qf3#  0-1

[Event "British Chess Championships 2023: PM Tournament U1750"]
[Site "The Venue, De Montfort University, 20 Western Boulevard, Leicester, LE2 7BU"]
[Date "2023.07.29"]
[Round "6"]
[Board "1"]
[White "Veeturi, Yashvardhan"]
[Black "Horlock, Peter J"]
[Result "1-0"]
[WhiteElo "1628"]
[BlackElo "1628"]
[PlyCount "85"]
[EventDate "2023.07.24"]
[EventRounds "6"]
[EventCountry "ENG"]

1. e4 e5 2. Nf3 Nc6 3. d4 exd4 4. Nxd4 Bc5 5. Nb3 Bb6 6. Nc3 Qf6 7. Qe2 Nd4 8. Nxd4
Bxd4 9. Nd5 Qd6 10. Qc4 Bb6 11. Bf4 Qc6 12. Bxc7 Qxc4 13. Bxc4 Bc5 14. Be5 f6 15.
Bg3 Bb6 16. Bc7 Bc5 17. b4 Bf8 18. Bg3 Kd8 19. Nc7 Bxb4+ 20. Ke2 Rb8 21. Nd5 b5 22.
Bxb8 bxc4 23. Nxb4 Nh6 24. Bxa7 Re8 25. Bb6+ Ke7 26. f3 Kf7 27. Be3 Kg6 28. Bxh6
Kxh6 29. Ke3 f5 30. Rhd1 fxe4 31. fxe4 Bb7 32. Rd4 Re6 33. a4 Re5 34. c3 Kh5 35.
a5 g5 36. a6 Ba8 37. Nd5 Bxd5 38. Rxd5 Rxd5 39. exd5 Kh4 40. a7 d6 41. a8=Q h5 42.
Qg8 g4 43. Qd8#  1-0